| 000 | 01132aam a2200397 4500 | ||
|---|---|---|---|
| 005 | 20260505102137.0 | ||
| 008 | 150603b1979 xxu||||| |||| 00| 0 spa d | ||
| 020 | _a9684511477 | ||
| 041 | _aESP | ||
| 082 | _a651.3 L791c | ||
| 100 |
_aLlabres de Charneco, Amalia _99238 |
||
| 100 |
_aCostes de Morales, Angela _922088 |
||
| 245 | _aCompetencias para la oficina moderna: conocimientos y destrezas esenciales | ||
| 260 | _aColombia | ||
| 260 | _bMcGraw-Hill | ||
| 260 | _c1979 | ||
| 300 | _a308 páginas | ||
| 490 | _a | ||
| 650 | _aMANEJO DE LA OFICINA | ||
| 650 | _aGESTIÓN DE OFICINAS | ||
| 650 | _aCOMPETENCIAS DE LA OFICINA | ||
| 650 | _aCOMPETENCIAS DE COMUNICACIÓN | ||
| 650 | _aCOMPETENCIAS TÉCNICAS | ||
| 650 | _aCOMPETENCIAS PARA EMPLEO | ||
| 650 | _aTÉCNICAS SECRETARIALES | ||
| 650 | _aEQUIPOS TELEFÓNICOS | ||
| 650 | _aTELÉGRAFO | ||
| 650 | _aCARTAS COMERCIALES | ||
| 650 | _aTOMA DE DICTADO | ||
| 650 | _aTRANSCRIPCIÓN | ||
| 650 | _aEQUIPO DE ARCHIVO | ||
| 650 | _aSERVICIOS BANCARIOS | ||
| 650 | _aFUENTES DE EMPLEO | ||
| 650 | _aENTREVISTA DE TRABAJO | ||
| 942 |
_cBK _2ddc |
||
| 999 |
_c2516 _d2516 |
||